Güçlü ekonomiye geçiş programı politika metinleri (Record no. 7490)

MARC details
000 -BAŞLIK
Sabit Uzunlukta Kontrol Alanı 01008na a2200265 4500
001 - KONTROL NUMARASI
Denetim Alanı 20441
003 - KONTROL NUMARASI IDENTIFIER
Denetim Alanı MIRAKIL
005 - SON İŞLEM TARİHİ VE ZAMANI
Denetim Alanı 20181213155140.0
008 - SABİT-BOY VERİ ELEMANLARI - GENEL BİLGİLER
Sabit Uzunlukta Kontrol Alanı 170120b tu 000 0
020 ## - ULUSLARARASI STANDART KİTAP NUMARASI
Uluslararası Standart Kitap Numarası 9751928478
035 ## - SİSTEM KONTROL NUMARASI
Sistem Kontrol Numarası 20441
040 ## - KATALOGLAMA KAYNAK
Orijinal Kataloglama Ajansı Milas
Kataloglama Dili tur
Metne Dönüştürmek Ajansı TR-AnCHP
041 ## - DİL KODU
Metin / Ses Parça Veya Ayrı Başlığın Dil Kodu tur
082 ## - DEWEY ONLU SINIFLANDIRMA NUMARASI
Sınıflandırma Numarası 330.9561
Ürün Numarası G91 2001
090 ## - SINIFLAMA NUMARASI
Sınıflama Numarası 330.9561 G91 2001
245 ## - BAŞLIK TABLOSU
Başlık Güçlü ekonomiye geçiş programı politika metinleri
Başlığın Kalan (Niyet mektupları ve ekonomik karalara ilişkin mevzuat)
Sorumluluk Tablosu, Vb T.C. Başbakanlık Hazine Müsteşarlığı
246 ## - UNVAN FORM VARYING
Başlık Doğru / Kısa Başlığı (Niyet mektupları ve ekonomik karalara ilişkin mevzuat)
260 ## - YAYIN, DAĞITIM, VB
Yayın, Dağıtım, Vb Yeri [Ankara]
Yayıncı, Dağıtıcı, Vs Adı [yayl. y.]
Yayın, Dağıtım, Vb Tarihi 2001
Üretici Firma T.C. Başbakanlık Hazine Müsteşarlığı matbaası
300 ## - FİZİKSEL TANIM
Kapsam c.1 (453 s.)
Diğer Fiziksel Ayrıntıları tbl.
Boyutlar 24 sm.
500 ## - GENEL NOT
Genel Not Kütüphanemizde 1. cildi vardır.
650 ## - KONU KATMA GİRİŞ - TOPİKAL DÖNEM
Topikal Süreli Veya Coğrafi Ad Giriş Elemanı Türkiye
Genel Alt Bölümü Ekonomi politkaları
Kronolojik Alt Bölümü Yasa ve yönetmelikler
650 ## - KONU KATMA GİRİŞ - TOPİKAL DÖNEM
Topikal Süreli Veya Coğrafi Ad Giriş Elemanı Türkiye
Genel Alt Bölümü Ekonomi politkaları
740 ## - KATMA GİRİŞ - KONTROLSUZ İLGİLİ / ANALİTİK BAŞLIK
Kontrol Edilmeyen / İlgili Analitik Başlıktaki (Niyet mektupları ve ekonomik karalara ilişkin mevzuat)
942 ## - EKLENDİ GİRİŞ ELEMANLARI (KOHA)
Sınıflandırma Veya Raf Düzeni Kaynak Dewey Decimal Classification
Koha Öğesi Türü Books
999 ## - SİSTEM KONTROL NUMARALARI (KOHA)
Koha Biblionumber 7490
Koha Biblioitemnumber 7490
Holdings
Kalıcı Konum Mevcut Konum Edinme Tarihi Edinim Kaynak Toplam Check-Out'Lar Tam Çağrı Numarası Barkod Tarih Son Görülme İtibaren Geçerli Fiyatlar Koha Öğesi Türü Kopya Sayısı
CHP Kütüphanesi CHP Kütüphanesi 01/20/2017 Bağış   330.9561 G91 2001 012036 01/20/2017 01/20/2017 Books  
CHP Kütüphanesi CHP Kütüphanesi 01/20/2017 Bağış   330.9561 G91 2001 012037 01/20/2017 01/20/2017 Books k.2